Geometría plana y del espacio: con una introducción a la trigonometría
Kaydedildi:
| Yazar: | |
|---|---|
| Materyal Türü: | Kitap |
| Dil: | İspanyolca |
| Baskı/Yayın Bilgisi: |
Ciudad de México
Publicaciones Cultural
1983
|
| Konular: | |
| Etiketler: |
Etiketle
Etiket eklenmemiş, İlk siz ekleyin!
|
MARC
| LEADER | 00000nam a2200000 a 4500 | ||
|---|---|---|---|
| 001 | UCT5118 | ||
| 003 | CL-VaPUC | ||
| 008 | 961129e19830000MX |||||||||||||||||spa|d | ||
| 082 | 0 | 4 | |a 516.22 |b BAL |2 21 |
| 100 | 0 | |a Baldor, Aurelio |e author |9 374404 | |
| 245 | 1 | 0 | |a Geometría plana y del espacio: con una introducción a la trigonometría |
| 300 | |a 423 p | ||
| 942 | |c BK | ||
| 945 | |d 19961129 00:00:00 |a nastorga | ||
| 260 | |a Ciudad de México |b Publicaciones Cultural |c 1983 | ||
| 650 | 0 | |a Geometría plana |9 265855 | |
| 650 | 0 | |a Trigonometría |9 259568 | |
| 650 | 7 | |a GEOMETRIA DEL ESPACIO |2 CL-VaPUC |9 265986 | |
| 650 | 0 | |a Matemáticas |x Enseñanza |9 875527 | |
| 650 | 0 | |a Logaritmos |9 260266 | |
| 650 | 0 | |a Funciones |9 263869 | |
| 650 | 0 | |a Ángulos |9 342215 | |
| 583 | |a last modification |c 19961129 00:00:00 |k Rodrigo Vera | ||
| 999 | |c 254135 |d 254133 | ||